| 000 | 00742nam a2200241Ia 4500 | ||
|---|---|---|---|
| 003 | OSt | ||
| 005 | 20220208114056.0 | ||
| 008 | 210716s2007 xx 000 0 und d | ||
| 020 | _a9780070499485 | ||
| 040 | _cAIMIT LIBRARY | ||
| 041 | _aeng | ||
| 082 |
_a658.4 _21 _bSAIM |
||
| 100 |
_aSaiyadain, Mirza S. _917738 |
||
| 245 |
_aOrganisational behaviour / _cEdited by Mirza S Saiyadain. |
||
| 250 | _a1st ed. | ||
| 260 |
_aNew Delhi : _bTata McGraw Hill Publishing Company Ltd , _c2007. |
||
| 300 |
_aXv, 307p. ; _c24 cm. |
||
| 650 |
_aOrganisational communication _917739 |
||
| 650 |
_aManaging negotiation _917740 |
||
| 650 |
_aJob satisfaction _917741 |
||
| 700 |
_aSaiyadain, Mirza S. _917738 |
||
| 942 |
_2ddc _cBK _e1st _k658.4 SAIM |
||
| 999 |
_c202143 _d202143 |
||